| 000 | 00728nam a2200193 i 4500 | ||
|---|---|---|---|
| 001 | 188317 | ||
| 003 | SpMaBN | ||
| 005 | 20240521100454.0 | ||
| 008 | 180807q1940 sp |||| | spa d | ||
| 100 | 1 |
_aPalacio Valdés, Armando, _d1853-1938 _988382 |
|
| 245 | 1 | 3 |
_aLa hermana San Sulpicio _b: novela. |
| 260 |
_aMadrid : _bPueyo, _c[ca. 1940] ( _fImp. Helénica) |
||
| 300 |
_a334 p. ; _c20 cm. |
||
| 490 | 1 |
_aNueva edición de obras completas de Don Armando Palacio Valdés ; _v3 |
|
| 800 |
_aPalacio Valdés, Armando, _d1853-1938. _tObras. Nueva Edición ; _9236489 _v3 |
||
| 852 |
_aES-MaACL _jL-32222 _gDonat. herederos de la bibl. de Mª del Pilar Costa Palacín |
||
| 942 | _2udc | ||
| 999 |
_c188317 _d188317 |
||